Los Catálogos protectores : Ley del suelo y régimen jurídico complementario / [Pablo Arribas Briones ; dirigida por Gaspar Ariño Ortiz] Ley del suelo y régimen jurídico complementario / [Pablo Arribas Briones ; dirigida por Gaspar Ariño Ortiz]
Publicado:
[Madrid] :
Ministerio de Obras Públicas y Urbanismo, Dirección General de Acción Territorial y Urbanismo, DL 1985
Descripción Física:
155 f. ; 30 cm
MARC
| LEADER | 00000nam a2200000Ia 4500 | ||
|---|---|---|---|
| 001 | 14296 | ||
| 008 | 160829s9999 xx 000 0 cat d | ||
| 080 | |a B-2-13 | ||
| 100 | |a Arribas Briones, Pablo |9 26342 |e autor | ||
| 245 | |a Los Catálogos protectores : |b Ley del suelo y régimen jurídico complementario / [Pablo Arribas Briones ; dirigida por Gaspar Ariño Ortiz] | ||
| 260 | |a [Madrid] : |b Ministerio de Obras Públicas y Urbanismo, Dirección General de Acción Territorial y Urbanismo, DL 1985 | ||
| 300 | |a 155 f. ; |c 30 cm | ||
| 590 | |a Tesi doctoral | ||
| 650 | |a Urbanisme |x Dret i legislació |x Tesis doctorals |9 26343 | ||
| 700 | |a Espanya. Dirección General de Acción Territorial y Urbanismo |9 25603 | ||
| 700 | |a Ariño Ortiz, Gaspar |e director editorial |9 23783 | ||
| 901 | |a Arxiu | ||
| 942 | |n 1 |2 udc | ||
| 952 | |0 0 |1 0 |4 0 |6 B213 |7 1 |9 43961 |a Arxiu |b Arxiu |d 2016-12-01 |l 0 |o B-2-13 |p 14296 |r 2016-12-01 00:00:00 |w 2016-12-01 |y ARXIU | ||
| 999 | |c 46541 |d 46541 | ||